000 00686nam a22002177a 4500
003 OSt
005 20250117125612.0
008 250114b |||||||| |||| 00| 0 eng d
020 _a978-1-138-35061-8
037 _cTB
040 _aCRL
_beng
_cCRL
041 _aeng
100 _aKaplan, david H. ; Hannum, Kathryn
_9730569
245 _aNationalism
_cDavid H. Kaplan; Kathryn Hannum
260 _aLondon
_bRoutledge
_c2024
300 _axv,203p.
490 _aKey ideas in geography
650 _aNationalism; Political Science
_9730570
942 _2CC
_cTB
_hW94 R4
_n0
999 _c1235998
_d1235998